10 największych miast wszystkich państw w europie - Statystyki

Ogólne statystyki
  • Ten quiz został rozwiązany 87 razy
  • Średni wynik to 107 z 481
Statystyki odpowiedzi
Kraj Miasto L. Mieszkańców % Poprawnych
Watykan Watykan 825
94%
Monako Monako 36 tys
89%
San marino San Marino 4.2 tys
86%
Polska Kraków 790.2 tys
76%
Polska Poznań 541.7 tys
76%
Polska Szczecin 391.4 tys
76%
Polska Warszawa 1.8 mln
76%
Polska Bydgoszcz 330.3 tys
75%
Polska Gdańsk 477.2 tys
75%
Polska Łódź 665.2 tys
75%
Polska Lublin 331.2 tys
75%
Włochy Rzym 2.7 mln
75%
Polska Wrocław 669.5 tys
73%
Andora Andora 19.6 tys
71%
Belgia Bruksela 185.1 tys
71%
Włochy Mediolan 1.3 mln
71%
Polska Białystok 292.6 tys
70%
Szwajcaria Biel 55.2 tys
70%
Anglia Londyn 8.9 mln
70%
Luksemburg Luksemburg 134.6 tys
70%
Włochy Neapol 909.9 tys
70%
Holandia Amsterdam 872.7 tys
68%
Czarnogóra Bar 13.7 tys
68%
Liechtenstein Vaduz 5.5 tys
68%
Austria Wiedeń 1.7 mln
68%
Hiszpania Barcelona 1.6 mln
67%
Niemcy Berlin 3.6 mln
67%
Szwajcaria Berno 134.2 tys
67%
Ukraina Kijów 2.9 mln
67%
Portugalia Lizbona 547.7 tys
67%
Hiszpania Madryt 3.2 mln
67%
Białoruś Mińsk 2.02 mln
67%
Rosja Moskwa 12.6 mln
67%
Francja Paryż 2.1 mln
67%
Czechy Praga 1.3 mln
67%
Słowacja Bratysława 437.7 tys
65%
Ukraina Lwów 724.3 tys
65%
Grecja Ateny 664 tys
63%
Irlandia Dublin 527.6 tys
63%
Finlandia Helsinki 623.1 tys
63%
Dania Kopenhaga 602.4 tys
63%
Anglia Liverpool 498 tys
63%
Francja Lyon 516 tys
63%
Niemcy Monachium 1.4 mln
63%
Holandia Rotterdam 651.3 tys
63%
Łotwa Ryga 658.6 tys
63%
Bułgaria Sofia 1.2 mln
63%
Włochy Turyn 836.6 tys
63%
Chorwacja Zagrzeb 792.8 tys
63%
Turcja Ankara 4.4 mln
62%
Węgry Budapeszt 1.75 mln
62%
Rumunia Bukareszt 1.8 mln
62%
Niemcy Hamburg 1.8 mln
62%
Anglia Manchester 552.8 tys
62%
Norwegia Oslo 925.2 tys
62%
Portugalia Porto 237.5 tys
62%
Kosowo Prisztina 145 tys
62%
Turcja Stambuł 13.5 mln
62%
Estonia Tallin 400.3 tys
62%
Albania Tirana 418.4 tys
62%
Szkocja Glasgow 633.2 tys
60%
Szwecja Sztokholm 1.5 mln
60%
Litwa Wilno 576.7 tys
60%
Francja Marsylia 863.3 tys
59%
Czarnogóra Podgorica 136.4 tys
59%
Islandia Reykjavik 115.4 tys
59%
Bośnia Sarajewo 348.3 tys
59%
Macedonia płn Skopje 491 tys
59%
Hiszpania Walencja 852.3 tys
59%
Serbia Belgrad 1.2 mln
57%
Anglia Birmingham 1.1 mln
57%
Mołdawia Kiszyniów 671.8 tys
57%
Niemcy Kolonia 1 mln
57%
Szwajcaria Zurych 421.8 tys
57%
Hiszpania Bilbao 353.9 tys
56%
Ukraina Charków 1.4 mln
56%
Ukraina Donieck 908.4 tys
56%
Niemcy Dortmund 588.2 tys
56%
Włochy Florencja 360.4 tys
56%
Hiszpania Sewilla 704.1 tys
56%
Belgia Antwerpia 523.2 tys
54%
Szkocja Edynburg 527.6 tys
54%
Ukraina Odessa 1 mln
54%
Czechy Brno 381.3 tys
52%
Szwajcaria Genewa 203.8 tys
52%
Holandia Haga 545.1 tys
52%
Litwa Kowno 418 tys
52%
Grecja Saloniki 315.1 tys
52%
Niemcy Stuttgart 635.9 tys
52%
Niemcy Frankfurt nad Menem 763.3 tys
51%
Słowacja Koszyce 238.5 tys
51%
Francja Nicea 340 tys
51%
Włochy Palermo 628.3 tys
51%
Ukraina Dniepr 990.7 tys
49%
Szwecja Göteborg 572.7 tys
49%
Słowenia Lublana 286.7 tys
49%
Chorwacja Split 178.1 tys
49%
Kazachstan Astana 1.1 mln
48%
Niemcy Lipsk 593.1 tys
48%
Rosja Sanktpetersburg 5.3.mln
48%
Białoruś Brześć 339.7 tys
46%
Włochy Genua 558.3 tys
46%
Rosja Kazań 1.2 mln
46%
Szwecja Malmö 301.7 tys
46%
Włochy Bolonia 388.1 tys
44%
Francja Bordeaux 254.4 tys
44%
Białoruś Grodno 356.9 tys
44%
Anglia Leeds 789.1 tys
44%
Czechy Ostrawa 287.9 tys
44%
Irlandia Płn Belfast 343.5 tys
43%
Austria Graz 222.3 tys
43%
Francja Lille 232.7 tys
43%
Bułgaria Warna 336.2 tys
43%
Walia Cardiff 369.2 tys
41%
Niemcy Dusseldorf 621.8 tys
41%
Litwa Kłajpeda 202.9 tys
41%
Belgia Liege 197.3 tys
41%
Czechy Pilzno 174.8 tys
41%
Austria Salzburg 150.2 tys
41%
Norwegia Trondheim 167.5 tys
41%
Norwegia Bergen 238 tys
40%
Irlandia Cork 119.4 tys
40%
Austria Innsbruck 112.4 tys
40%
Austria Linz 181.1 tys
40%
Hiszpania Malaga 535.6 tys
40%
Szwajcaria Bazylea 173.8 tys
38%
Belgia Brugia 118.2 tys
38%
Holandia Eindhoven 234.4 tys
38%
Holandia Utrecht 357.6 tys
38%
Portugalia Braga 121 tys
37%
Słowenia Maribor 96.2 tys
37%
Francja Strasburg 280.9 tys
37%
Włochy Bari 315.6 tys
35%
Chorwacja Dubrownik 42.6 tys
35%
Niemcy Essen 582.7 tys
35%
Rosja Niżny nowogród 1.2 mln
35%
Hiszpania Saragossa 620.4 tys
35%
Francja Tuluza 479.5 tys
35%
Turcja Izmir 2.8 mln
33%
Francja Nantes 309.3 tys
33%
Serbia Nowy sad 215.4 tys
33%
Dania Aarhus 269 tys
32%
Kazachstan Ałmaty 1.9 mln
32%
Bułgaria Płowdiw 347.8 tys
32%
Ukraina Sewastopol 449.1 tys
32%
Anglia Sheffield 584.8 tys
32%
Białoruś Homel 510.3 tys
30%
Anglia Leicester 354.2 tys
30%
Hiszpania Murcja 377.8 tys
30%
Rosja Rostów nad Donem 1.1 mln
30%
Finlandia Turku 184.3 tys
30%
Ukraina Zaporoże 731.9 tys
30%
Dania Aalborg 113.4 tys
29%
Turcja Antalya 994.3 tys
29%
Węgry Debreczyn 201.1 tys
29%
Łotwa Dyneburg 93.3 tys
29%
Rosja Jekaterynburg 1.4 mln
29%
Czechy Ołomuniec 100.6 tys
29%
Chorwacja Rijeka 128.6 tys
29%
Anglia Bristol 463.4 tys
27%
Bułgaria Burgas 201.7 tys
27%
Belgia Gandawa 260.3 tys
27%
Rumunia Kluż-Napoka 324.5 tys
27%
Ukraina Krzywy Róg 619.2 tys
27%
Czechy Liberec 104.8 tys
27%
Szwajcaria Lozanna 140.2 tys
27%
Rosja Nowosybirsk 1.6 mln
27%
Hiszpania Palma 358.4 tys
27%
Mołdawia Tyraspol 134.8 tys
27%
Albania Durres 113.2 tys
25%
Włochy Katania 298 tys
25%
Francja Montpellier 285.1 tys
25%
Finlandia Oulu 196.5 tys
25%
Rosja Samara 1.1 mln
25%
Walia Swansea 246.9 tys
25%
Szkocja Aberdeen 230.3 tys
24%
Holandia Groningen 232.9 tys
24%
Finlandia Lahti 103.9 tys
24%
Ukraina Mikołajów 480 tys
24%
Dania Odense 176.6 tys
24%
Estonia Tartu 101.1 tys
24%
Norwegia Tromsø 57.1 tys
24%
Białoruś Witebsk 364.8 tys
24%
Chorwacja Zadar 75 tys
24%
Hiszpania Las Palmas 370.6 tys
22%
Białoruś Mohylew 357.1 tys
22%
Serbia Nisz 250 tys
22%
Słowacja Bańska Bystrzyca 78 tys
21%
Turcja Bursa 1.7 mln
21%
Grecja Heraklion 140.7 tys
21%
Chorwacja Osijek 108 tys
21%
Norwegia Stavanger 201.3 tys
21%
Bośnia Banja luka 135 tys
19%
Holandia Breda 184.2 tys
19%
Słowenia Celje 37.8 tys
19%
Czechy Czeskie Budziejowice 94.4 tys
19%
Rosja Omsk 1.1 mln
19%
Grecja Pireus 178.5 tys
19%
Słowacja Preszów 88.4 tys
19%
Litwa Szawle 145.6 tys
19%
Rumunia Timisoara 311.5 tys
19%
Finlandia Espoo 266.1 tys
17%
Słowacja Nitra 76.5 tys
17%
Czechy Pardubice 91.7 tys
17%
Finlandia Tampere 223.1 tys
17%
Słowacja Trnawa 65 tys
17%
Belgia Anderlecht 118.3 tys
16%
Belgia Charleroi 201.8 tys
16%
Rosja Czelabińsk 1.1 mln
16%
Szkocja Dundee 148.2 tys
16%
Czechy Hradec kralove 92.9 tys
16%
Rumunia Jassy 290.4 tys
16%
Rumunia Konstanca 283.8 tys
16%
Słowenia Koper 25.7 tys
16%
Szwajcaria Lugano 62.3 tys
16%
Malta Mosta 20 tys
16%
Bośnia Mostar 60.1 tys
16%
Słowacja Poprad 51.2 tys
16%
Szwecja Uppsala 149.2 tys
16%
Słowacja Żylina 80.7 tys
16%
Rumunia Braszów 253.2 tys
14%
Luksemburg Dudelange 22 tys
14%
Irlandia Galway 75.5 tys
14%
Irlandia Limerick 57.1 tys
14%
Węgry Miszkolc 152.9 tys
14%
Kosowo Peć 48.9 tys
14%
Litwa Poniewież 126.4 tys
14%
Portugalia Coimbra 97.6 tys
13%
Anglia Coventry 371.5 tys
13%
Islandia Keflavik 14.1 tys
13%
Austria Klagenfurt 90.6 tys
13%
Turcja Konya 1.1 mln
13%
Rumunia Krajowa 269.9 tys
13%
Litwa Mariampol 50.8 tys
13%
Estonia Narwa 68.6 tys
13%
Węgry Pecz 141.8 tys
13%
Chorwacja Pula 57.4 tys
13%
Węgry Segedyn 160.2 tys
13%
Turcja Adana 1.6 mln
11%
Kazachstan Aktobe 500.7 tys
11%
Białoruś Borysów 140.7 tys
11%
Turcja Gaziantep 1.4 mln
11%
Węgry Gyor 133.9 tys
11%
Szwecja Jönköping 93.7 tys
11%
Słowenia Kranj 37.9 tys
11%
Szwecja Linköping 106.5 tys
11%
Liechtenstein Schaan 6 tys
11%
Macedonia płn Tetowo 55 tys
11%
Holandia Tilburg 219.8 tys
11%
Mołdawia Bielce 144.8 tys
10%
Anglia Bradford 349.5 tys
10%
Portugalia Funchal 108.2 tys
10%
Norwegia Kristiansand 70.2 tys
10%
Łotwa Lipawa 76.7 tys
10%
Szwajcaria Lucerna 82.6 tys
10%
Holandia Nijmegen 177.6 tys
10%
Białoruś Pińsk 126.3 tys
10%
Szwajcaria St.Gallen 76.2 tys
10%
Finlandia Vantaa 211.2 tys
10%
Białoruś Baranowicze 175 tys
8%
Macedonia płn Bitola 73.1 tys
8%
Irlandia Płn Derry 83.1 tys
8%
Luksemburg Differdange 30.3 tys
8%
Irlandia Dundalk 31 tys
8%
Dania Esbjerg 72.2 tys
8%
Kazachstan Karaganda 497.6 tys
8%
Finlandia Kuopio 111.3 tys
8%
Walia Newport 154.6 tys
8%
Macedonia płn Ochryda 41.2 tys
8%
Estonia Parnawa 45.5 tys
8%
Grecja Patras 167.4 tys
8%
Kosowo Prizren 85.1 tys
8%
Portugalia Vila Nova de Gaia 186.6 tys
8%
Austria Villach 58.8 tys
8%
Szwajcaria Winterthur 114.2 tys
8%
Islandia Akureyri 17.6 tys
6%
Holandia Almere 211.8 tys
6%
Irlandia Bray 26.7 tys
6%
Czarnogóra Budwa 10.9 tys
6%
Szwecja Helsingborg 104.2 tys
6%
Łotwa Jurmała 50.8 tys
6%
Finlandia Jyvaskyla 135.9 tys
6%
Chorwacja Karlovac 46.8 tys
6%
Belgia Namur 111.4 tys
6%
Litwa Olita 73 tys
6%
Szwecja Örebro 115.7 tys
6%
Dania Randers 62.5 tys
6%
Bułgaria Ruse 141.2 tys
6%
Albania Szkodra 86.6 tys
6%
Kazachstan Szymkent 1 mln
6%
Słowacja Trenczyn 55.3 tys
6%
Czechy Ujście nad Łabą 92.7 tys
6%
Rumunia Gałacz 249.3 tys
5%
Łotwa Jełgawa 59.5 tys
5%
Islandia Kopavogur 31.7 tys
5%
Serbia Kragujevac 147.4 tys
5%
Grecja Larisa 144.6 tys
5%
Belgia Leuven 101.3 tys
5%
Kosowo Mitrowica 71.6 tys
5%
Rumunia Ploeszti 229.2 tys
5%
Finlandia Pori 83.6 tys
5%
San marino Serravale 10.5 tys
5%
Bułgaria Stara Zagora 134.7 tys
5%
Austria St. Polten 49 tys
5%
Serbia Subotica 100 tys
5%
Węgry Szekesfehervar 96.5 tys
5%
Węgry Szombathely 78.5 tys
5%
Szwecja Västerås 117.7 tys
5%
Irlandia Waterford 46.7 tys
5%
Łotwa Windawa 37.7 tys
5%
Bośnia Zenica 70.5 tys
5%
Portugalia Amadora 175.1 tys
3%
Liechtenstein Balzers 4.6 tys
3%
Mołdawia Bendery 92.3 tys
3%
Malta Birkirkara 22.3 tys
3%
San marino Borgo Maggiore 6.6 tys
3%
Rumunia Braiła 212.5 tys
3%
Czarnogóra Cetynia 15.1 tys
3%
Norwegia Drammen 101.9 tys
3%
Andora Encamp 7.4 tys
3%
Luksemburg Esch-Sur-Alzette 37.4 tys
3%
San marino Fiorentino 2.5 tys
3%
Norwegia Fredrikstad 105.5 tys
3%
Maceodnia płn Kumanowo 72.2 tys
3%
Słowacja Martin 54.1 tys
3%
Turcja Mersin 876.9 tys
3%
Czarnogóra Niksić 58.2 tys
3%
Słowenia Novo mesto 24.1 tys
3%
Kazachstan Pawłodar 333.7 tys
3%
Bułgaria Plewen 95 tys
3%
Kosowo Podujevo 23.4 tys
3%
Łotwa Rzeżyca 32.3 tys
3%
Portugalia Setubal 95 tys
3%
Chorwacja Szybenik 51.2 tys
3%
Łotwa Valmiera 25.1 tys
3%
Macedonia płn Weles 43.7 tys
3%
Austria Wels 57.9 tys
3%
Walia Wrexham 65.6 tys
3%
Serbia Zrenjanin 79.7 tys
3%
San Marino Acquaviva 1.7 tys
2%
Portugalia Almada 109.8 tys
2%
Kazachstan Atyrau 271.9 tys
2%
Malta Aż-Żabbar 15.3 tys
2%
Czarnogóra Berane 11.7 tys
2%
Białoruś Bobrujsk 212.2 tys
2%
Serbia Cacak 117 tys
2%
San Marino Chiesanuova 1.1 tys
2%
Turcja Diyarbakir 892.7 tys
2%
San marino Domagnano 3.2 tys
2%
Austria Dornbirn 43 tys
2%
Irlandia Drogheda 30.4 tys
2%
Andora Escaldes-Engordany 14 tys
2%
Liechtenstein Eschen 4.3 tys
2%
Luksemburg Ettelbruck 9.9 tys
2%
San Marino Faetano 1.1 tys
2%
Dania Frederiksberg 105 tys
2%
Liechtenstein Gamprin 1.7 tys
2%
Macedonia płn Gostiwar 36.6 tys
2%
Islandia Hafnarfjörður 26.8 tys
2%
Litwa Janów 36.5 tys
2%
Grecja Kalitea 111.7 tys
2%
Węgry Kecskemet 110.3 tys
2%
Mołdawia Komrat 25.7 tys
2%
Serbia Leskovac 94.7 tys
2%
Szkocja Livingston 57 tys
2%
Liechtenstein Mauren 4 tys
2%
San Marino Montegiardino 800
2%
Serbia Novi pazar 85.9 tys
2%
Węgry Nyiregyhaza 116.8 tys
2%
Mołdawia Orgiejów 33.5 tys
2%
Grecja Peristeri 145.6 tys
2%
Macedonia płn Prilep 65.9 tys
2%
Słowenia Ptuj 17.9 tys
2%
Liechtenstein Ruggel 2.2 tys
2%
Mołdawia Rybnica 48.4 tys
2%
Andora Santa Coloma 2.9 tys
2%
Andora Sant Julia de Loria 7.6 tys
2%
Belgia Schaarbeek 133 tys
2%
Liechtenstein Schellenberg 1.1 tys
2%
Chorwacja Slavonski Brod 59.1 tys
2%
Bułgaria Sliwen 84.9 tys
2%
Macedonia płn Strumica 36.3 tys
2%
Macedonia płn Sztip 44.4 tys
2%
Bułgaria Szumen 75.4 tys
2%
Irlandia Tralee 20.7 tys
2%
Liechtenstein Triesen 5 tys
2%
Liechtenstein Triesenberg 2.6 tys
2%
Bośnia Tuzla 74.4 tys
2%
Litwa Uciana 34.4 tys
2%
Estonia Valga 14.3 tys
2%
Albania Wlora 79.5 tys
2%
Portugalia Agualva-Cacem 85 tys
0%
Islandia Akranes 5.9 tys
0%
Malta Al Qormi 16.5 tys
0%
Andora Arinsal 1.5 tys
0%
Irlandia płn Ballymena 29.4 tys
0%
Irlandia Płn Bangor 61.5 tys
0%
Walia Barry 54.6 tys
0%
Albania Berat 36.4 tys
0%
Bośnia Bihać 39.6 tys
0%
Bośnia Bijeljina 41.1 tys
0%
Czarnogóra Bijeło polje 15.8 tys
0%
Bośnia Brczko 39.8 tys
0%
Walia Bridgend 46.7 tys
0%
Walia Caerphilly 35.6 tys
0%
Andora Canillo 1.9 tys
0%
Irlandia Płn Carrickfergus 27.9 tys
0%
Dania Charlottenlund 75 tys
0%
Irlandia Płn Coleraine 24.6 tys
0%
Irlandia Płn Craigavon 57.6 tys
0%
Szkocja Cumbernauld 52.2 tys
0%
Walia Cwmbran 48.5 tys
0%
Luksemburg Diekirch 7.2 tys
0%
Kosowo Djakowica 40.8 tys
0%
Bułgaria Dobricz 82.2 tys
0%
Szkocja Dunfermline 55.4 tys
0%
Irlandia Dun Laoghaire 24.5 tys
0%
Szkocja East Kilbride 75.3 tys
0%
Luksemburg Echternach 5.8 tys
0%
Albania Elbasan 78.7 tys
0%
Albania Fier 55.8 tys
0%
Islandia Garðabær 11.4 tys
0%
Dania Gladsaxe 68.7 tys
0%
Grecja Glifada 105.7 tys
0%
Kosowo Gnjilane 54.2 tys
0%
Luksemburg Grevenmacher 5.1 tys
0%
Szkocja Hamilton 54 tys
0%
Czarnogóra Herceg Novi 12.7 tys
0%
Malta Iż-Żurrieq 21.7 tys
0%
Bośnia Jajce 24.4 tys
0%
Łotwa Jekabpils 24.6 tys
0%
Mołdawia Kaguł 39.8 tys
0%
Albania Kawaja 20.1 tys
0%
Estonia Kohtla-Jarve 47.6 tys
0%
Dania Kolding 60.3 tys
0%
Albania Korcza 51.1 tys
0%
Serbia Kraljevo 82.8 tys
0%
Andora La Massana 5 tys
0%
Irlandia Płn Lisburn 71.4 tys
0%
Walia Llanelli 37.8 tys
0%
Albania Lushnja 31.4 tys
0%
Estonia Maardu 16.7 tys
0%
Malta Marsaskala 11.9 tys
0%
Islandia Mosfellsbær 7.3 tys
0%
Walia Neath 50.6 tys
0%
Irlandia Płn Newtownabbey 65.6 tys
0%
Irlandia Płn Newtownards 28 tys
0%
Słowenia Nova gorica 13.4 tys
0%
Łotwa Ogre 24.8 tys
0%
Kosowo Orahovac 15.8 tys
0%
Andora Ordino 2.9 tys
0%
Litwa Ożejki 43.5 tys
0%
Szkocja Paisley 77.2 tys
0%
Andora Pas de La Casa 2.4 tys
0%
Czarnogóra Pljevlja 21.3 tys
0%
Bośnia Prijedor 27.9 tys
0%
Estonia Rakvere 17 tys
0%
Luksemburg Rumelange 5.7 tys
0%
Malta San Pawl il-Bahar 20.9 tys
0%
Malta San Wann 12.6 tys
0%
Islandia Selfoss 5.9 tys
0%
Islandia Seltjalnarnes 4.4 tys
0%
Kazachstan Semej 324 tys
0%
Estonia Sillamae 17.1 tys
0%
Norwegia Skien 88.8 tys
0%
Mołdawia Soroki 37.7 tys
0%
Kazachstan Taraz 358 tys
0%
Malta Tas-Sliema 17.1 tys
0%
Norwegia Tønsberg 49 tys
0%
Słowenia Trbovlje 17.4 tys
0%
Czarnogóra Ulcinj 10.8 tys
0%
Mołdawia Ungheni 38.2 tys
0%
Kosowo Urosevac 42.6 tys
0%
Kazachstan Ust-Kamieniogorsk 333.1 tys
0%
Szwecja Väsby 139.6 tys
0%
Słowenia Velenje 25.5 tys
0%
Estonia Viljandi 20.7 tys
0%
Kosowo Vucitrn 27.2 tys
0%
Luksemburg Wiltz 8.1 tys
0%
Malta W-Naxxarze 13.3 tys
0%
Grecja Wolos 130 tys
0%
Nie znaleziono quizów pasujących do podanych kryteriów
Rozkład punktacji
Procent ludzi z każdym wynikiem
Percentyl według liczby udzielonych odpowiedzi
Twoja historia wyników
Nie rozwiązałeś tego quizu